000 00486cam a2200193 a 4500
020 _a007062917X
040 _cDLC
082 0 0 _a428 MCG 1993 A023 Or.
100 1 _aThrush, Emily Austin,
245 1 0 _aInteractions access.
260 _aNew York :
_bMcGraw-Hill,
_cc1993.
300 _axi, 145 p. :
_bill. ;
_c24 cm.
650 0 _aEnglish language
650 0 _aEnglish language
650 0 _aListening.
700 1 _aBaldwin, Robert,
700 1 _aBlass, Laurie,
942 _cEK
999 _c13515
_d13515